La Crisis económica del capitalismo y el tercer mundo /
Salvato in:
| Autore principale: | |
|---|---|
| Natura: | testo |
| Tags: |
Aggiungi Tag
Nessun Tag, puoi essere il primo ad aggiungerne!!
|
MARC
| LEADER | 00000 a a2200000 04500 | ||
|---|---|---|---|
| 001 | 619 | ||
| 003 | |||
| 040 | |||
| 100 | |a Silva Colmenares, Julio | ||
| 245 | |a La Crisis económica del capitalismo y el tercer mundo / |c Julio Silva Colmenares | ||
| 773 | |g número 12; páginas 24-42 | ||
| 999 | |c 20264 |d 20264 | ||
